00351nam a22000977a 4500999001900000100002000019245003700039260005100076300000900127952011700136 c516319d516319 aYoga, M.922810 aPersonnel managementcby M. Yoga aNew DelhibNational Productivity councilc1970 a42p. 00102ddc406TNC_B142X54_IN2S70aIIPAbIIPAd2021-02-23oTNC B142x54 In2spGR23102r2021-02-23w2021-02-23yGR